Pořádek Svaté Pašie jako I. v Neděli květnou, II. ve Veliký pátek v církvích evanjelických před oltárem čtěna bývá

Bibliographic Details
Format: Book
Language:Czech
PhysicalDescription:63 s. 12°
Published: Liptovský Sv. Mikuláš Tranoscius 1939
Subjects:

MARC

LEADER 00000cam a2200000 a 4500
001 vtls008391628
003 SK-MaSNL
005 20260301051739.0
008 200104s1939 xo 000 0 cze
015 |a SKSNBA19191938-001636 
035 |a SK01SNKBIKKM20010083845 
035 |a urn:nbn:sk:snk-am3hifi 
035 |a 9D00CC35-CD50-494B-815E-C6E03D9ECDF8 
035 |a urn:nbn:sk:snk-am00d1g6 
035 |a SKM000086308 
040 |a SNK  |b slo  |c SNK  |e AACR2 
041 0 |a cze 
044 |a xo  |c SK 
080 |a 284  |2 1981 
080 |a 252  |2 1981 
080 |a 264-041.5:284.1  |2 1981 
245 0 0 |a Pořádek Svaté Pašie  |b jako I. v Neděli květnou, II. ve Veliký pátek v církvích evanjelických před oltárem čtěna bývá 
260 |a Liptovský Sv. Mikuláš  |b Tranoscius  |c 1939  |e Liptovský Sv. Mikuláš  |f Július Štepita 
300 |a 63 s.  |c 12° 
610 2 7 |a Evanjelická cirkev a.v.  |2 SNKKA  |9 32425 
650 0 7 |a pašie  |2 SNKPH  |9 3438 
655 7 |a modlitby  |2 SNKPH  |9 70550 
752 |a Slovensko  |d Liptovský Mikuláš 
852 |a Slovenská národná knižnica v Martine  |b 10000  |h SE 2966 
958 |a ONDV 
958 |a RK 
958 |a TL 
958 |a NT 
999 |c 604151  |d 606081 
952 |a SNK  |b SNK  |y PREZ  |7 0  |p 17A0749474  |o snkSE 2966  |i snkK 2263/60  |8 3  |0 0  |1 0  |4 0  |d 2018-04-17  |f 1  |l 0  |r 2026-02-23 16:04:15  |w 2026-02-23 
952 |a SNK  |b SNK  |y VYP  |7 0  |p 17A1190122  |o snkSE 2966 D1  |i snkK 969/77  |8 3  |0 0  |1 0  |4 0  |d 2018-05-22  |l 0  |r 2026-02-23 16:04:15  |w 2026-02-23